000
00200nam a22001097a 4500
041
_a
eng
080
_a
80
100
_a
Goes, Albrecht
245
_a
Das Brandopfer
650
_a
German
999
_c
281807
_d
281807
942
_c
BK